000 00390nam a2200145Ia 4500
008 220216s9999 xx 000 0 und d
100 _aRoberts H V
245 0 _aNatural rubber sheets for the aircraft and furniture industries
260 _bRubber Developments
_c1961
300 _a68-70
650 _aAircraft
650 _aFurniture industry
650 _aNatural rubber
942 _cJS
999 _c63635
_d63635